Métodos estadísticos en la tecnología textil / (Record no. 112847)
[ view plain ]
| 000 -LEADER | |
|---|---|
| campo de control de longitud fija | 00868nam a2200217 4500 |
| 001 - NÚMERO DE CONTROL | |
| campo de control | 112847 |
| 003 - IDENTIFICADOR DE NÚMERO DE CONTROL | |
| campo de control | ES-MaACL |
| 005 - FECHA Y HORA DE LA ÚLTIMA TRANSACCIÓN | |
| campo de control | 20230906185643.0 |
| 007 - CAMPO FIJO DE DESCRIPCIÓN FÍSICA--INFORMACIÓN GENERAL | |
| campo de control de longitud fija | t| |
| 008 - DATOS DE LONGITUD FIJA--INFORMACIÓN GENERAL | |
| campo de control de longitud fija | 061121s1963 sp r ||||1| spa d |
| 100 1# - ENTRADA PRINCIPAL--NOMBRE DE PERSONA | |
| Nombre de persona | Murphy, T. |
| 9 (RLIN) | 84627 |
| 245 10 - MENCIÓN DEL TÍTULO | |
| Título | Métodos estadísticos en la tecnología textil / |
| Mención de responsabilidad, etc. | por T. Murphy, K. P. Norris, L. H. C. Tippett ; versión y traducción por Federico López-Amo Marín y Félix Sana de Llanos. |
| 260 ## - PUBLICACIÓN, DISTRIBUCIÓN, ETC. | |
| Lugar de publicación, distribución, etc. | Tarrasa (Barcelona) : |
| Nombre del editor, distribuidor, etc. | Escuela Técnica Superior de Ingenieros Industriales, |
| Fecha de publicación, distribución, etc. | 1963. |
| 300 ## - DESCRIPCIÓN FÍSICA | |
| Extensión | 122 p. ; |
| Dimensiones | 21 cm. |
| 700 1# - ENTRADA AGREGADA--NOMBRE PERSONAL | |
| Nombre de persona | Norris, K. P. |
| 9 (RLIN) | 86001 |
| 700 1# - ENTRADA AGREGADA--NOMBRE PERSONAL | |
| Nombre de persona | Tippett, L. H. C. |
| 9 (RLIN) | 110320 |
| 700 1# - ENTRADA AGREGADA--NOMBRE PERSONAL | |
| Nombre de persona | López-Amo Marín, Federico. |
| 9 (RLIN) | 73401 |
| 700 1# - ENTRADA AGREGADA--NOMBRE PERSONAL | |
| Nombre de persona | Sans de Llanos, Félix. |
| 9 (RLIN) | 103204 |
| 710 2# - ENTRADA AGREGADA--NOMBRE DE ENTIDAD CORPORATIVA | |
| Nombre de entidad corporativa o nombre de jurisdicción como elemento de entrada | Escuela Técnica Superior de Ingenieros Industriales (Barcelona) |
| 9 (RLIN) | 3613 |
| 852 ## - LOCALIZACIÓN | |
| Ubicación | ES-MaACL |
| Número de control de estantería | C-24500 |
| Sublocalización o colección | R.53293 |
| Estatus retirado | Estado de pérdida | Estado de daño | No para préstamo | Biblioteca de origen | Biblioteca actual | Ubicación en estantería | Fecha de adquisición | Fuente de adquisición | Total de préstamos | Signatura topográfica completa | Código de barras | Visto por última vez | Precio de reemplazo | Tipo de ítem Koha |
|---|---|---|---|---|---|---|---|---|---|---|---|---|---|---|
| Biblioteca del Ateneo de Madrid | Biblioteca del Ateneo de Madrid | Depósito 2 | 17/01/2008 | C-24500 | 1117708 | 23/02/2023 | 23/02/2023 | Libro impreso |
